| Tag |
First Indicator |
Second Indicator |
Subfields |
| LEADER |
00000cam a22000001a 4500 |
| 001 |
in00003288331 |
| 006 |
m d f |
| 007 |
cr bn mmmapmmp |
| 008 |
091021s1989 dcua ob f000 0 eng d |
| 005 |
20260604204320.9 |
| 035 |
|
|
|a cis2007455519
|
| 040 |
|
|
|a UMI
|c UMI
|d UtOrBLW
|
| 043 |
|
|
|a n-us---
|
| 074 |
|
|
|a 1025-A-1, 1025-A-2 (microfiche)
|
| 086 |
0 |
|
|a Y 4.Sci 2:100/145
|
| 088 |
|
|
|a No. 145 (United States. Congress. House. Committee on Science, Space, and Technology)
|
| 099 |
|
|
|a HRG-1988-SST-0054
|
| 110 |
1 |
|
|a United States.
|b Congress.
|b House.
|b Committee on Science, Space, and Technology.
|
| 245 |
1 |
4 |
|a The administration's decision to license the Chinese Long March launch vehicle :
|b hearings before the Committee on Science, Space, and Technology, U.S. House of Representatives, One Hundredth Congress, second session, September 23 and 27, 1988.
|
| 264 |
|
1 |
|a Washington :
|b U.S. G.P.O.,
|c 1989.
|
| 300 |
|
|
|a 1 online resource.
|
| 336 |
|
|
|a text
|b txt
|2 rdacontent
|
| 337 |
|
|
|a computer
|b c
|2 rdamedia
|
| 338 |
|
|
|a online resource
|b cr
|2 rdacarrier
|
| 500 |
|
|
|a Record is based on bibliographic data in ProQuest Congressional Hearings Digital Collection. Reuse except for individual research requires license from ProQuest, LLC.
|
| 504 |
|
|
|a Includes bibliographical references.
|
| 538 |
|
|
|a System requirements: PDF reader software.
|
| 500 |
|
|
|a Electronic resource.
|
| 650 |
|
0 |
|a Export controls
|z United States.
|
| 650 |
|
0 |
|a Technology transfer
|z China.
|
| 650 |
|
0 |
|a Launch vehicles (Astronautics)
|
| 651 |
|
0 |
|a United States
|x Commerce
|z China.
|
| 651 |
|
0 |
|a China
|x Commerce
|z United States.
|
| 655 |
|
7 |
|a Electronic books.
|2 local
|
| 710 |
2 |
|
|a ProQuest (Firm)
|
| 776 |
0 |
8 |
|i Print version:
|a United States. Congress. House. Committee on Science, Space, and Technology
|t Administration's decision to license the Chinese Long March launch vehicle
|w (OCoLC)19282912
|w gp 89009643
|
| 776 |
0 |
8 |
|i Microfiche version:
|a United States. Congress. House. Committee on Science, Space, and Technology
|t Administration's decision to license the Chinese Long March launch vehicle.
|d [Bethesda, Md.] : ProQuest,[2004]
|o CIS 89 H701-37
|w (ProQuest)cis08901467
|
| 830 |
|
0 |
|a U.S. Congressional Hearings.
|
| 856 |
4 |
0 |
|u http://proxy.library.tamu.edu/login?url=https://congressional.proquest.com/congcomp/getdoc?HEARING-ID=HRG-1988-SST-0054
|z Connect to the full text of this electronic book
|t 0
|
| 998 |
|
|
|a cis08901467
|
| 999 |
|
|
|a MARS
|
| 999 |
f |
f |
|s 6c7785e4-40e9-36a5-9bb6-f89947ac2a61
|i e0fadbbb-9078-36c2-9ca8-7e87e2f61572
|t 0
|
| 952 |
f |
f |
|a Texas A&M University
|b College Station
|c Electronic Resources
|s www_evans
|d Available Online
|t 0
|e HRG-1988-SST-0054
|h Other scheme
|
| 998 |
f |
f |
|a HRG-1988-SST-0054
|t 0
|l Available Online
|